000 00256nam a2200109Ia 4500
005 20251222154440.0
008 251222s9999||||xx |||||||||||||| ||spa||
082 _a868.9/F41
100 _a"Fernández Florez, Wenceslao"
245 0 _aVolvoreta
942 _cLIB
999 _c36754
_d36754